00521nac a22001811u 4500020002100000082001100021090001500032100003400047245007000081260004700151300003100198500002900229650001800258650001800276710001500294942001500309999001500324 a8987223590 (v.3) a711.41 c3037d3037 a20080729  aurban environment design; 3bOffice / Station / Sports facilities aSeoul,Korea(South):bArchiworld,2002c2002 a255p.:bCol ill. ;c31 cm. aText in Korean & English aCity planning aUrban ecology aARCHIWORLD cBBk711.41 c3037d3037